The Colonization and conquest of the Philippines by Spain : Some contemporary source documents 1559-1577

The documents in this lolume were written by the actors of that great drama of conquest and Christianization. Contents: letter from Philip II to Luis de Velasco, Letter from Philip II to Andres de Urdaneta, ...

Gorde:
Xehetasun bibliografikoak
Formatua: Liburua
Hizkuntza:Undetermined
Argitaratua: Manila Filipiniana Book Guild 1965
Gaiak:
Etiketak: Etiketa erantsi
Etiketarik gabe, Izan zaitez lehena erregistro honi etiketa jartzen!
Thư viện lưu trữ: Trung tâm Học liệu Trường Đại học Cần Thơ
LEADER 00856nam a2200217Ia 4500
001 CTU_218455
008 210402s9999 xx 000 0 und d
082 |a 959.9 
082 |b C719/Vol.8 
245 4 |a The Colonization and conquest of the Philippines by Spain : 
245 0 |b Some contemporary source documents 1559-1577 
245 0 |c Compiled by The Editorial Board 
260 |a Manila 
260 |b Filipiniana Book Guild 
260 |c 1965 
520 |a The documents in this lolume were written by the actors of that great drama of conquest and Christianization. Contents: letter from Philip II to Luis de Velasco, Letter from Philip II to Andres de Urdaneta, ... 
650 |a Philippines,Philippines 
650 |x History,Lịch sử 
650 |z 1521-1812 
904 |i Trúc 
980 |a Trung tâm Học liệu Trường Đại học Cần Thơ